Szczegóły MARC21

Metody doświadczalne fizyki jądrowej /

003 -Nazwa inst., której nr kontr. jest w polu 001 [,]
    • @
    • Nazwa instytucji, której n kontrolny jest w polu 001
    • NUKAT
005 -DATA I CZAS OSTATNIEJ MODYFIKACJI [,]
    • @
    • pole kontrolne
    • 20241231094856.0
020 -Międzynarod. znormalizowany nr książki - ISBN [ , ]
    • a
    • Numer ISBN
    • 8301001895 Find
040 -Instytucja sporządzająca opis [ , ]
    • a
    • Instytucja, która sporządziła opis (NP)
    • TOR U/KW
    • b
    • Język katalogowania
    • pol
    • e
    • Zasady katalogowania
    • rda
    • c
    • Instytucja, która sporządziła rekord (NP)
    • TOR U/KW
    • d
    • Instytucja, która zmodyfikowała rekord (P)
    • TOR U/AP
    • d
    • Instytucja, która zmodyfikowała rekord (P)
    • LUBL 64/WSs
    • d
    • Instytucja, która zmodyfikowała rekord (P)
    • KR U/28WP
    • d
    • Instytucja, która zmodyfikowała rekord (P)
    • GL 001/FAN
942 -Rodzaj dokumentu [ , ]
    • c
    • Rodzaj dokumentu
    • Książka
100 -Hasło główne - nazwa osobowa [1, ]
    • a
    • Nazwa osobowa (NP)
    • England, J. B. A.
    • e
    • Rodzaj współpracy
    • Autor
    • 9
    • KHW
    • 427688
240 -Tytuł ujednolicony [1,0]
    • a
    • Tytuł ujednolicony
    • Techniques in nuclear structure physics
    • l
    • Język tekstu
    • (pol.)
    • 9
    • KHW
    • 427691
245 -Strefa tytułu i oznaczenia odpowiedzialności [1,0]
    • a
    • Tytuł
    • Metody doświadczalne fizyki jądrowej / Find
    • c
    • Pozostałe elementy strefy tytułu i oznaczenia odpowiedzialności (NP)
    • J. B. A. England ; z języka angielskiego tłumaczyli: M. Kicińska-Habior, B. Sikora, M. Święcki, M. Dąbrowska, J. Siemińska.
250 -Strefa wydania [ , ]
    • a
    • Oznaczenie wydania (NP)
    • Wydanie I.
260 -Strefa adresu wydawniczego [ , ]
    • a
    • Miejsce wydania (P)
    • Warszawa :
    • b
    • Nazwa wydawcy (P)
    • Państwowe Wydawnictwo Naukowe,
    • c
    • Data wydania (P)
    • 1980.
300 -Strefa opisu fizycznego [ , ]
    • a
    • Określenie formy książki i/lub objętość (NP)
    • 647, [1] strona :
    • b
    • Oznaczenie ilustracji (NP)
    • ilustracje ;
    • c
    • Format (NP)
    • 25 cm.
336 -Typ zawartości [ , ]
    • a
    • Termin opisujący typ zawartości
    • Tekst
    • b
    • Kod określający zawartość
    • txt
    • 2
    • Źródło (terminu i kodu)
    • rdacontent
337 -Typ mediów [ , ]
    • a
    • Tryb odtwarzania
    • Bez urządzenia pośredniczącego
    • b
    • Kod typu mediów
    • n
    • 2
    • Źródło (terminu i kodu)
    • rdamedia
338 -Typ/rodzaj nośnika [ , ]
    • a
    • Hasło opisujące typ nośnika
    • Wolumin
    • b
    • Kod typu nośnika
    • nc
    • 2
    • Źródło (terminu i kodu)
    • rdacarrier
504 -Uwaga dot. bibliogr. załącznikowej [ , ]
    • a
    • Uwaga dot. bibliografii załącznikowej
    • Bibliografia przy rozdziałach. Indeks.
650 -Hasło przedmiotowe [ ,7]
    • a
    • Hasło przedmiotowe
    • Spektroskopia cząsteczkowa.
    • 2
    • Źródło terminu
    • kaba
    • 9
    • KHW
    • 130587
650 -Hasło przedmiotowe [ ,7]
    • a
    • Hasło przedmiotowe
    • Cząstki elementarne
    • x
    • Określnik rzeczowy
    • identyfikacja.
    • 2
    • Źródło terminu
    • kaba
    • 9
    • KHW
    • 427670
650 -Hasło przedmiotowe [ ,7]
    • a
    • Hasło przedmiotowe
    • Fizyka jądrowa
    • x
    • Określnik rzeczowy
    • badania.
    • 2
    • Źródło terminu
    • kaba
    • 9
    • KHW
    • 108908
700 -Hasło dodatkowe - nazwa osobowa [1, ]
    • a
    • Nazwa osobowa (NP)
    • Kicińska-Habior, Marta Find
    • d
    • Daty biograficzne (NP)
    • (1950- ).
    • e
    • Określenie rodzaju współpracy
    • Tłumaczenie
    • 9
    • KHW
    • 427689
700 -Hasło dodatkowe - nazwa osobowa [1, ]
    • a
    • Nazwa osobowa (NP)
    • Sikora, Brunon. Find
    • e
    • Określenie rodzaju współpracy
    • Tłumaczenie
    • 9
    • KHW
    • 519795
700 -Hasło dodatkowe - nazwa osobowa [1, ]
    • a
    • Nazwa osobowa (NP)
    • Święcki, Michał Find
    • d
    • Daty biograficzne (NP)
    • (1938?-2013).
    • e
    • Określenie rodzaju współpracy
    • Tłumaczenie
    • 9
    • KHW
    • 519796
700 -Hasło dodatkowe - nazwa osobowa [1, ]
    • a
    • Nazwa osobowa (NP)
    • Dąbrowska, Małgorzata Find
    • c
    • Dopowiedzenie inne niż daty biograficzne (NP)
    • (fizyka jądrowa).
    • e
    • Określenie rodzaju współpracy
    • Tłumaczenie
    • 9
    • KHW
    • 519794
700 -Hasło dodatkowe - nazwa osobowa [1, ]
    • a
    • Nazwa osobowa (NP)
    • Siemińska, Jolanta. Find
    • e
    • Określenie rodzaju współpracy
    • Tłumaczenie
    • 9
    • KHW
    • 470306
710 -Hasło dodatkowe - nazwa ciała zbiorowego [2, ]
    • a
    • Nazwa ciała zbiorowego lub nazwa geograficzna jako pierwszy element (NP)
    • Państwowe Wydawnictwo Naukowe (1951-1992).
    • e
    • Rodzaj współpracy
    • Wydawca
    • 4
    • Kod relacji
    • pbl
    • 9
    • KHW
    • 52048
920 -ISBN [ , ]
    • a
    • ISBN
    • 83-01-00189-5 Find
Numer inwentarzowy Sygnatura Status udost. Lokalizacja Data inwentaryzacji
W.96816W.96816-3BG2006-01-03
W.96817W.96816-3BG2006-01-03
W.96818W.96816-3BG2006-01-03
W.96819W.968162BG2006-01-03
W.96820W.968162BG2006-01-03
W.96821W.968162BG2006-01-03
W.96822W.968162BG2006-01-03
W.96823W.968162BG2006-01-03
W.96824W.968162BG2006-01-03
W.96825W.968162BG2006-01-03
W.96826W.96816-6BG2006-01-03
W.96827W.968162BG2006-01-03
W.96828W.968162BG2006-01-03
W.96829W.968162BG2006-01-03
W.96830W.968162BG2006-01-03
W.96831W.968162BG2006-01-03
W.96832W.968162BG2006-01-03
W.96833W.968162BG2006-01-03
W.96834W.968162BG2006-01-03
W.96835W.968162BG2006-01-03
W.96836W.968162BG2006-01-03
N.5789 1BG2006-01-03
N.5797 1BG2006-01-03
N.5798 1BG2006-01-03
N.18787 1BG2006-02-08